000 00860cam a2200205 4500
001 WB3732-21
008 010830n2001 000 0 eng u
035 _a(Sirsi) u114394
245 _aMortgage demand remains strong
260 _c2001
490 _aMajor British Banking Groups' Press Release
_v28 August 2001, (2)
520 _aLatest figures from the Major British Banking Group (MBBG) indicate that mortgage demand remains strong. In July 2001, gross mortgage lending by the MBBG totalled £10,979m, compared with £10,350m in June 2001. However, looking ahead, the BBA's chief executive warns the figures suggest mortgage demand may be peaking.
590 _aWB
650 _aMORTGAGES
650 _aDEMAND
650 _aLENDING
650 _aCONSUMER CREDIT
690 _aMANAGEMENT-BUSINESS MANAGEMENT-FINANCIAL MANAGEMENT
942 _n0
999 _c68127
_d68127